Statistiques concernant Quiz Histoire - Culture générale

Cliquez ici pour prendre le quiz!

Statistiques générales

  • Ce quiz a été pris 6 390 fois
  • Le résultat moyen est 8 sur 15

Statistiques - réponses

QuestionRéponse% Correct
Sur quelle île s'exila Napoléon Ier, où il passa le reste de ses jours avant de mourir ?à Sainte-Hélène
95%
Quel événement marqua le début de la Première Guerre Mondiale ?L'assasinat de François-Ferdinand d'Autriche par un nationaliste serbe.
95%
Quelle guerre civile opposa les États-Unis d'Amérique aux États confédérés d'Amérique entre 1861 et 1865 ?la guerre de Sécession
91%
Quel conflit opposa la dynastie des Valois (France) et des Plantagenêt (Angleterre), de 1337 à 1453 ?la guerre de Cent Ans
84%
Dans quelle région débuta la première civilisation de l'Histoire ?la Mésopotamie
84%
Quel grand chef mongol unifia les tribus turco-mongoles et partit à la conquête de l'Eurasie, créant ainsi le plus vaste empire continu de l'Histoire ?Gengis Khan
63%
Quelle célèbre dynastie a gouvernée le Saint-Empire Romain Germanique de 1218 à 1308, puis de 1452 de 1740 ?les Habsbourg
61%
Qui fut le premier président de la République Française ?Napoléon III
58%
Quelle est la date légendaire de la fondation de Rome ?753 av. J.-C.
40%
Où fut signé le traité qui partagea l'Empire carolingien entre les trois petit-fils de Charlemagne ?à Verdun
40%
Qui fut le dernier empereur romain de l'Histoire ?Constantin XI Paléologue
33%
Qui fut le premier européen à avoir découvert l'Amérique ?Erik le Rouge, puis Leif Erikson
31%
Quelles sont les dates du début et de la fin de l'Empire ottoman ?1299 - 1922
29%
Quel est ce peuple d'origine turque converti au judaïsme vers 750 ?les Khazars
28%
Quelle fut la dernière dynastie à régner sur l'Égypte ?la dynastie Alaouite
18%

Distribution des résultats

Percentile par nombre de réponses

% des personnes avec chaque résultat

Votre développement - résultats

Vous n’avez pas pris ce quiz